Statistiques concernant La plus grande ville des États-Unis par chaque État

Cliquez ici pour prendre le quiz!

Statistiques générales

  • Ce quiz a été pris 761 fois
  • Le résultat moyen est 25 sur 50

Réponses sur la Carte

Les réponses sont colorées sur une échelle allant du rouge au vert en fonction du pourcentage des utilisateurs qui les ont devinées à leur premier essai. Vous pouvez retrouver ces pourcentages ci-dessous.
 

Statistiques - réponses

ÉtatVille% Correct
CalifornieLos Angeles
99%
New YorkNew York
97%
IllinoisChicago
90%
TexasHouston
88%
NevadaLas Vegas
87%
WashingtonSeattle
86%
MassachusettsBoston
82%
ColoradoDenver
78%
MichiganDetroit
78%
GéorgieAtlanta
77%
ArizonaPhoenix
77%
PennsylvaniePhiladelphie
73%
IndianaIndianapolis
71%
OregonPortland
71%
MainePortland
71%
OklahomaOklahoma City
69%
HawaïHonolulu
66%
MinnesotaMinneapolis
66%
MississippiJackson
62%
UtahSalt Lake City
62%
Caroline du NordCharlotte
60%
LouisianeLa Nouvelle-Orléans
59%
MissouriKansas City
58%
TennesseeNashville
54%
FlorideJacksonville
52%
MarylandBaltimore
51%
WisconsinMilwaukee
51%
Nouveau-MexiqueAlbuquerque
49%
AlaskaAnchorage
41%
OhioColumbus
40%
KentuckyLouisville
40%
IowaDes Moines
34%
Rhode IslandProvidence
32%
IdahoBoise
31%
WyomingCheyenne
27%
Virginie-OccidentaleCharleston
26%
ArkansasLittle Rock
26%
NebraskaOmaha
26%
New JerseyNewark
25%
AlabamaBirmingham
24%
VirginieVirginia Beach
24%
Dakota du SudSioux Falls
21%
Caroline du SudColumbia
20%
Dakota du NordFargo
17%
New HampshireManchester
17%
KansasWichita
17%
VermontBurlington
16%
MontanaBillings
15%
DelawareWilmington
13%
ConnecticutBridgeport
11%

Distribution des résultats

Percentile par nombre de réponses

% des personnes avec chaque résultat

Votre développement - résultats

Vous n’avez pas pris ce quiz